| 000 | 00767nam a2200193Ii 4500 | ||
|---|---|---|---|
| 003 | JO-AjNU | ||
| 008 | 230605s9999||||xx |||||||||||||| ||und|| | ||
| 040 |
_aJO-AjNU _bara _erda _cJO-AjNU |
||
| 041 | _aara | ||
| 050 | 1 | 4 | _aHV31 .B3 1976 |
| 100 | 3 |
_aتأليف: البطريق، محمد كامل, _eauthor _99369 |
|
| 245 | 0 | 0 | _aمنهاج خدمة المجتمع : نشأته وتطوره واساليبه وخطواته ومبادئه ومنظماته |
| 264 | 3 | 1 | _aالقاهرة: دار الفكر العربي، 1976 |
| 300 |
_a391ص _bيحتوي على ببلوغرافية من 379-391ص |
||
| 336 |
_atext _btxt _2rdacontent |
||
| 337 |
_aunmediated _bn _2rdamedia |
||
| 338 |
_avolume _bnc _2rdacarrier |
||
| 650 | 4 |
_a الخدمة الاجتماعية _99370 |
|
| 999 |
_aA1264 _c4832 _d4832 |
||